[Event "Titled Tuesday intern op 6th Aug"]
[Site "Chess.com INT"]
[Date "2019.08.06"]
[Round "1"]
[White "Korchmar, Vasiliy"]
[Black "Wang, Kevin"]
[Result "1-0"]
[WhiteElo "2424"]
[BlackElo "2071"]
[PlyCount "73"]
[EventDate "2019.08.06"]
[EventType "swiss (blitz)"]
[EventRounds "10"]
[EventCountry "USA"]
[SourceTitle "EXT 2021"]
[Source "ChessBase"]
[SourceDate "2020.10.23"]
[SourceVersion "1"]
[SourceVersionDate "2020.10.23"]
[SourceQuality "1"]

1. d4 Nf6 2. c4 g6 3. Nc3 Bg7 4. e4 d6 5. h3 0-0 6. Nf3 e5 7. d5 a5 8. g4 Na6 9. Be3 c6 10. Be2 cxd5 11. cxd5 Bd7 12. Nd2 Rc8 13. g5 Ne8 14. h4 f5 15. f3 Nc5 16. Rg1 Kh8 17. Nb3 b6 18. h5 f4 19. Bxc5 bxc5 20. h6 c4 21. hxg7+ Nxg7 22. Nd2 Qb6 23. Rh1 Qxb2 24. Qc1 Qb4 25. Kf2 Qc5+ 26. Kg2 Nh5 27. Nf1 Qc7 28. Qe1 Rb8 29. Nd1 Qc5 30. Rc1 Bb5 31. Qxa5 Ra8 32. Qd2 Ra3 33. Nc3 Ba6 34. Qb2 Ra5 35. Rb1 Qd4 36. Qb4 Rc5 37. Rd1 1-0

[Event "Titled Tuesday intern op 6th Aug"]
[Site "Chess.com INT"]
[Date "2019.08.06"]
[Round "5"]
[White "Li, William"]
[Black "Wang, Kevin"]
[Result "1-0"]
[WhiteElo "2135"]
[BlackElo "2071"]
[PlyCount "71"]
[EventDate "2019.08.06"]
[EventType "swiss (blitz)"]
[EventRounds "10"]
[EventCountry "USA"]
[SourceTitle "EXT 2021"]
[Source "ChessBase"]
[SourceDate "2020.10.23"]
[SourceVersion "1"]
[SourceVersionDate "2020.10.23"]
[SourceQuality "1"]

1. e4 c5 2. Nf3 d6 3. Bb5+ Nd7 4. Ba4 a6 5. c3 b5 6. Bc2 Ngf6 7. 0-0 g6 8. d4 cxd4 9. cxd4 Bb7 10. Qe2 Bg7 11. Nbd2 0-0 12. e5 Nd5 13. e6 fxe6 14. Qxe6+ Kh8 15. Ng5 Nf4 16. Nf7+ Rxf7 17. Qxf7 Nxg2 18. Ne4 Nh4 19. Bg5 Nf5 20. Be3 Qf8 21. Qe6 Nb6 22. Bb3 Bxd4 23. Ng5 Kg7 24. Rad1 Bxe3 25. fxe3 Qf6 26. e4 Qxb2 27. Qf7+ Kh6 28. Qxh7+ Kxg5 29. Rf2 Qg7 30. Qh3 Nh4 31. Qe3+ Kh5 32. Rd4 Rf8 33. Bd1+ Nf3+ 34. Bxf3+ Kh4 35. e5+ Kh3 36. Bg2# 1-0

[Event "Titled Tuesday intern op 2nd July"]
[Site "Chess.com INT"]
[Date "2019.07.02"]
[Round "8"]
[White "Kotepalli, Sai Nirupama"]
[Black "Wang, Kevin"]
[Result "1-0"]
[WhiteElo "1914"]
[BlackElo "2071"]
[PlyCount "59"]
[EventDate "2019.07.02"]
[EventType "swiss (blitz)"]
[EventRounds "10"]
[EventCountry "USA"]
[SourceTitle "EXT 2021"]
[Source "ChessBase"]
[SourceDate "2020.10.23"]
[SourceVersion "1"]
[SourceVersionDate "2020.10.23"]
[SourceQuality "1"]

1. d4 Nf6 2. Bf4 g6 3. e3 Bg7 4. Nf3 0-0 5. Be2 d6 6. 0-0 c6 7. h3 Nbd7 8. c3 Qe8 9. Nbd2 e5 10. dxe5 dxe5 11. Bg3 Qe7 12. Nc4 Ne4 13. Bh2 Rd8 14. Qc2 f5 15. a4 b5 16. axb5 cxb5 17. Na5 Qc5 18. Qb3+ Kh8 19. Qxb5 Qxb5 20. Bxb5 Rb8 21. Nc6 Rxb5 22. Nxd8 Kg8 23. Rxa7 Rxb2 24. Nc6 Kf8 25. Ra8 Nb6 26. Rb8 Nxc3 27. Na7 e4 28. Ng5 Ne2+ 29. Kh1 Ke7 30. Rxb6 1-0

[Event "Titled Tuesday intern op 1st Jan"]
[Site "Chess.com INT"]
[Date "2019.01.01"]
[Round "2"]
[White "Alboredo, Julia"]
[Black "Wang, Kevin"]
[Result "1-0"]
[WhiteElo "2212"]
[BlackElo "2043"]
[PlyCount "65"]
[EventDate "2019.01.01"]
[EventType "swiss (blitz)"]
[EventRounds "10"]
[EventCountry "USA"]
[SourceTitle "EXT 2021"]
[Source "ChessBase"]
[SourceDate "2020.10.23"]
[SourceVersion "1"]
[SourceVersionDate "2020.10.23"]
[SourceQuality "1"]

1. e4 e6 2. d4 d5 3. Bd3 dxe4 4. Bxe4 Nf6 5. Bf3 c5 6. Ne2 Nc6 7. Be3 cxd4 8. Nxd4 Nxd4 9. Qxd4 Qxd4 10. Bxd4 Be7 11. Nc3 0-0 12. 0-0-0 a6 13. Bb6 Nd7 14. Bc7 Bd8 15. Bd6 Re8 16. Bg3 Bf6 17. Ne4 Be5 18. Bxe5 Nxe5 19. Nd6 Rd8 20. Nxc8 Raxc8 21. Bxb7 Rb8 22. Bxa6 Re8 23. a3 Ng4 24. Rd2 e5 25. f3 Ne3 26. Re1 Nf5 27. Rde2 f6 28. Bc4+ Kh8 29. c3 Rec8 30. Be6 Nd4 31. Bxc8 Rxc8 32. Re4 Nc6 33. Rc4 1-0

[Event "Titled Tuesday intern op 2nd Jan"]
[Site "Chess.com INT"]
[Date "2018.01.02"]
[Round "3"]
[White "Quinonez Garcia, Santiago"]
[Black "Wang, Kevin"]
[Result "1-0"]
[WhiteElo "2242"]
[BlackElo "2027"]
[PlyCount "89"]
[EventDate "2018.01.02"]
[EventType "swiss (blitz)"]
[EventRounds "10"]
[EventCountry "USA"]
[SourceTitle "EXT 2021"]
[Source "ChessBase"]
[SourceDate "2020.10.23"]
[SourceVersion "1"]
[SourceVersionDate "2020.10.23"]
[SourceQuality "1"]

1. e4 e6 2. d4 d5 3. e5 c5 4. c3 Nc6 5. Nf3 Bd7 6. a3 f6 7. b4 fxe5 8. dxe5 Qc7 9. Bf4 c4 10. Be2 Nge7 11. 0-0 Ng6 12. Bg3 Be7 13. Re1 0-0-0 14. Bf1 h5 15. h3 Rdf8 16. a4 Nf4 17. Na3 a6 18. Nc2 g5 19. b5 Na5 20. bxa6 bxa6 21. Nb4 Qa7 22. Nd4 Rhg8 23. Be2 g4 24. hxg4 hxg4 25. Bxg4 Nb3 26. Bxf4 Nxd4 27. Be3 Bc5 28. Bxd4 a5 29. Nc2 Rf4 30. f3 Be8 31. Qd2 Rgf8 32. Qe3 Bxd4 33. Nxd4 Qh7 34. Bxe6+ Kd8 35. Bh3 R4f7 36. Ne6+ Ke7 37. Nxf8 Kxf8 38. e6 Rg7 39. e7+ Kg8 40. Qe6+ Kh8 41. Qf5 Qh4 42. Re5 Qg3 43. Qf8+ Kh7 44. Qxe8 Qxf3 45. Rh5+ 1-0

[Event "Titled Tuesday intern op 17th April"]
[Site "Chess.com INT"]
[Date "2017.11.07"]
[Round "10"]
[White "Gratz, Glen"]
[Black "Wang, Kevin"]
[Result "1-0"]
[WhiteElo "2231"]
[BlackElo "2027"]
[PlyCount "113"]
[EventDate "2017.04.17"]
[EventType "swiss (blitz)"]
[EventRounds "10"]
[EventCountry "USA"]
[SourceTitle "EXT 2021"]
[Source "ChessBase"]
[SourceDate "2020.10.23"]
[SourceVersion "1"]
[SourceVersionDate "2020.10.23"]
[SourceQuality "1"]

1. e4 e6 2. Qe2 b6 3. f4 Bb7 4. d3 c5 5. c3 Nc6 6. Qf3 d5 7. Be3 Ba6 8. Nd2 dxe4 9. dxe4 Bxf1 10. Qxf1 Nf6 11. 0-0-0 Qc7 12. Qf3 0-0-0 13. g4 h5 14. g5 Ng4 15. h3 Nxe3 16. Qxe3 g6 17. Ngf3 Bg7 18. e5 Ne7 19. Nc4 Nf5 20. Qe4 Kb8 21. Rhg1 Rhe8 22. a4 Bf8 23. Kc2 Rxd1 24. Rxd1 Rd8 25. Rxd8+ Qxd8 26. Qc6 Qc8 27. Qxc8+ Kxc8 28. Nfd2 Be7 29. Ne4 Kd7 30. Kd3 Kc6 31. Nf6 Bxf6 32. gxf6 a6 33. Nd2 Nh4 34. Ke4 b5 35. axb5+ axb5 36. b3 Nf5 37. Nf3 Nh6 38. Ng5 Kb6 39. b4 Kc6 40. Nf3 Kb6 41. Ne1 Kc6 42. Nd3 c4 43. Nc5 Nf5 44. Nxe6 Nh6 45. Nd4+ Kb6 46. f5 g5 47. e6 Kc7 48. Nxb5+ Kd8 49. Nd4 g4 50. hxg4 hxg4 51. e7+ Kd7 52. Nb5 g3 53. Nd6 g2 54. e8Q+ Kxd6 55. Qe5+ Kd7 56. Qg3 Nxf5 57. Kxf5 1-0

[Event "Titled Tuesday intern op 17th April"]
[Site "Chess.com INT"]
[Date "2017.11.07"]
[Round "1"]
[White "Holt, Conrad"]
[Black "Wang, Kevin"]
[Result "1-0"]
[WhiteElo "2568"]
[BlackElo "2027"]
[PlyCount "73"]
[EventDate "2017.04.17"]
[EventType "swiss (blitz)"]
[EventRounds "10"]
[EventCountry "USA"]
[SourceTitle "EXT 2021"]
[Source "ChessBase"]
[SourceDate "2020.10.23"]
[SourceVersion "1"]
[SourceVersionDate "2020.10.23"]
[SourceQuality "1"]

1. d4 Nf6 2. c4 g6 3. Nc3 Bg7 4. e4 d6 5. Nf3 0-0 6. h3 Na6 7. Bg5 h6 8. Be3 e5 9. Bd3 c6 10. 0-0 Qe7 11. Re1 Re8 12. Qd2 Kh7 13. Bc2 Bd7 14. a3 Rad8 15. d5 c5 16. Nb5 Bxb5 17. cxb5 Nc7 18. a4 b6 19. b4 Nd7 20. Rec1 Rf8 21. a5 Ra8 22. bxc5 bxc5 23. Rcb1 f5 24. exf5 gxf5 25. Ra4 e4 26. Nh2 Rfb8 27. g4 Be5 28. gxf5 Rg8+ 29. Ng4 h5 30. Bxe4 Nf6 31. Bf3 hxg4 32. hxg4 Nfe8 33. g5 Rh8 34. f6 Nxf6 35. gxf6 Qxf6 36. Rg4 Rag8 37. Be4+ 1-0

[Event "Titled Tuesday intern op 17th April"]
[Site "Chess.com INT"]
[Date "2017.11.07"]
[Round "7"]
[White "Panda, Vedic"]
[Black "Wang, Kevin"]
[Result "1-0"]
[WhiteElo "1999"]
[BlackElo "2027"]
[PlyCount "65"]
[EventDate "2017.04.17"]
[EventType "swiss (blitz)"]
[EventRounds "10"]
[EventCountry "USA"]
[SourceTitle "EXT 2021"]
[Source "ChessBase"]
[SourceDate "2020.10.23"]
[SourceVersion "1"]
[SourceVersionDate "2020.10.23"]
[SourceQuality "1"]

1. e4 e6 2. d4 d5 3. Nc3 Nf6 4. e5 Nfd7 5. f4 c5 6. Nf3 Nc6 7. Be3 a6 8. Qd2 b5 9. a3 cxd4 10. Nxd4 Nxd4 11. Bxd4 Bc5 12. Ne2 Qb6 13. b4 Bxd4 14. Nxd4 0-0 15. c3 f6 16. Qe3 Bb7 17. Bd3 Rac8 18. 0-0 f5 19. Rac1 Rfe8 20. Kh1 Rc7 21. Rg1 Rec8 22. Bb1 Nb8 23. g4 fxg4 24. Rxg4 Nc6 25. Qh3 g6 26. Bxg6 hxg6 27. Rxg6+ Rg7 28. Rxg7+ Kxg7 29. Rg1+ Kf8 30. Qh6+ Ke8 31. Rg8+ Kd7 32. Qxe6+ Kc7 33. Qd6# 1-0

[Event "Titled Tuesday intern op 17th April"]
[Site "Chess.com INT"]
[Date "2017.11.07"]
[Round "9"]
[White "Wang, Kevin"]
[Black "Bernotas, Arturs"]
[Result "1-0"]
[WhiteElo "2027"]
[BlackElo "2428"]
[PlyCount "43"]
[EventDate "2017.04.17"]
[EventType "swiss (blitz)"]
[EventRounds "10"]
[EventCountry "USA"]
[SourceTitle "EXT 2021"]
[Source "ChessBase"]
[SourceDate "2020.10.23"]
[SourceVersion "1"]
[SourceVersionDate "2020.10.23"]
[SourceQuality "1"]

1. e4 d5 2. exd5 Nf6 3. Nf3 Nxd5 4. g3 Nc6 5. Bg2 Bg4 6. 0-0 Qd7 7. Nc3 Nxc3 8. dxc3 Qxd1 9. Rxd1 e6 10. Bf4 Rc8 11. Rd2 f6 12. Nd4 Nxd4 13. cxd4 b6 14. Re1 Kf7 15. h3 Bh5 16. g4 Bg6 17. Rde2 h5 18. Rxe6 hxg4 19. hxg4 Rh4 20. Bf3 Bd6 21. Bxd6 cxd6 22. c3 1-0

[Event "Titled Tuesday intern op 3rd Oct"]
[Site "Chess.com INT"]
[Date "2017.10.03"]
[Round "3"]
[White "Suarez, Juan"]
[Black "Wang, Kevin"]
[Result "1-0"]
[WhiteElo "2055"]
[BlackElo "2027"]
[PlyCount "61"]
[EventDate "2017.10.03"]
[EventType "swiss (blitz)"]
[EventRounds "10"]
[EventCountry "USA"]
[SourceTitle "EXT 2021"]
[Source "ChessBase"]
[SourceDate "2020.10.23"]
[SourceVersion "1"]
[SourceVersionDate "2020.10.23"]
[SourceQuality "1"]

1. c4 Nf6 2. g3 g6 3. d4 Bg7 4. Bg2 0-0 5. Nf3 d6 6. 0-0 Nc6 7. Nc3 Rb8 8. Re1 a6 9. Rb1 b5 10. cxb5 axb5 11. b4 Bf5 12. e4 Bg4 13. h3 Bxf3 14. Bxf3 e5 15. d5 Nd4 16. Bg2 Nd7 17. Be3 h5 18. Qd3 Qc8 19. Bxd4 exd4 20. Nxb5 Qa6 21. Bf1 Ne5 22. Qd1 Rxb5 23. a4 d3 24. axb5 Qxb5 25. f4 Nc4 26. Qxd3 Qb6+ 27. Kg2 Nb2 28. Qb3 Qd4 29. Re2 Nd3 30. Rd1 Qxb4 31. Rxd3 1-0

[Event "Titled Tuesday intern op 5th Sept"]
[Site "Chess.com INT"]
[Date "2017.09.05"]
[Round "3"]
[White "Atanasov, Anthony"]
[Black "Wang, Kevin"]
[Result "1/2-1/2"]
[WhiteElo "1728"]
[BlackElo "2034"]
[PlyCount "47"]
[EventDate "2017.09.05"]
[EventType "swiss (blitz)"]
[EventRounds "10"]
[EventCountry "USA"]
[SourceTitle "EXT 2021"]
[Source "ChessBase"]
[SourceDate "2020.10.23"]
[SourceVersion "1"]
[SourceVersionDate "2020.10.23"]
[SourceQuality "1"]

1. e4 e6 2. Nf3 d5 3. exd5 exd5 4. d3 Bd6 5. Be2 Ne7 6. h3 Nbc6 7. Be3 Bf5 8. Nbd2 Bg6 9. Nb3 b6 10. 0-0 a5 11. a3 a4 12. Nbd4 0-0 13. Bg5 Qd7 14. Nxc6 Nxc6 15. Re1 h6 16. Be3 Rfe8 17. Qd2 Kh7 18. Bf1 Bh5 19. Nd4 Nxd4 20. Bxd4 c5 21. Be3 Qc7 22. d4 c4 23. c3 Re7 24. Be2 1/2-1/2

[Event "Canadian op U1600"]
[Site "Windsor"]
[Date "2016.07.14"]
[Round "5.50"]
[White "Wang, Kevin"]
[Black "Kocela, Manuel"]
[Result "1-0"]
[WhiteElo "1019"]
[BlackElo "1389"]
[PlyCount "139"]
[EventDate "2016.07.10"]
[EventType "swiss"]
[EventRounds "9"]
[EventCountry "CAN"]
[SourceTitle "EXT 2022"]
[Source "ChessBase"]
[SourceDate "2021.10.06"]
[SourceVersion "1"]
[SourceVersionDate "2021.10.06"]
[SourceQuality "1"]

1. d4 d5 2. c4 Nf6 3. Nf3 Bf5 4. Nc3 e6 5. e3 Bb4 6. cxd5 Nxd5 7. Bd2 Bxc3 8. bxc3 Nd7 9. Qe2 N7f6 10. g3 Bg4 11. Bg2 0-0 12. 0-0 Nb6 13. Qb5 c6 14. Qb3 Qd5 15. Qxd5 exd5 16. Ne5 Be2 17. Rfe1 Bc4 18. Nxc4 Nxc4 19. Rad1 a5 20. f3 Rfe8 21. e4 h6 22. e5 Nd7 23. Bf1 b5 24. f4 Ndb6 25. Bxc4 Nxc4 26. f5 Kh7 27. e6 f6 28. e7 Ra7 29. Re6 Rc7 30. Bf4 Rcc8 31. Rde1 Kg8 32. Bd6 Kf7 33. Bc5 Nd2 34. Kg2 Ne4 35. Re3 a4 36. h4 h5 37. Bb4 g6 38. Rd6 gxf5 39. Rd7 Ke6 40. Ra7 Kf7 41. Kf3 Nd2+ 42. Kf4 Ne4 43. Kxf5 c5 44. dxc5 Rc6 45. Rd7 Nxc5 46. Rxd5 Ne6 47. Rxb5 Ng7+ 48. Kf4 Ne6+ 49. Kf3 Nc7 50. Rc5 Rxc5 51. Bxc5 Nd5 52. Rd3 Nxe7 53. Rd7 Ke6 54. Rxe7+ Rxe7 55. Bxe7 Kxe7 56. Ke4 Ke6 57. c4 Kd6 58. g4 hxg4 59. Kf4 Kc5 60. h5 Kxc4 61. h6 Kb4 62. h7 Ka3 63. h8Q Kxa2 64. Qxf6 a3 65. Qe6+ Kb2 66. Qe5+ Kb1 67. Qe1+ Kb2 68. Qd2+ Kb1 69. Qb4+ Ka2 70. Kxg4 1-0

[Event "North American-ch U20"]
[Site "Kitchener"]
[Date "2015.07.29"]
[Round "7"]
[White "Wang, Kevin"]
[Black "Liang, Awonder"]
[Result "1/2-1/2"]
[WhiteElo "2364"]
[BlackElo "2404"]
[PlyCount "87"]
[EventDate "2015.07.26"]
[EventType "swiss"]
[EventRounds "9"]
[EventCountry "CAN"]
[SourceTitle "EXT 2019"]
[Source "ChessBase"]
[SourceDate "2018.10.10"]
[SourceVersion "1"]
[SourceVersionDate "2018.10.10"]
[SourceQuality "1"]

1. e4 c5 2. c3 d5 3. exd5 Qxd5 4. d4 Nc6 5. Nf3 Bf5 6. Be3 Nf6 7. Na3 cxd4 8. Bc4 Qd7 9. Nxd4 Nxd4 10. Bxd4 a6 11. Be2 b5 12. Nc2 Be4 13. 0-0 Qb7 14. f3 Bc6 15. Nb4 e6 16. Nxc6 Qxc6 17. a4 b4 18. f4 Rd8 19. Qd3 bxc3 20. Qxc3 Qe4 21. Bxf6 gxf6 22. Bxa6 Be7 23. Bb5+ Kf8 24. Bc6 Qe2 25. Bf3 Qa6 26. Kh1 Kg7 27. b4 Rc8 28. Qe1 Bd8 29. b5 Qa5 30. Qg3+ Kf8 31. f5 e5 32. Bc6 Rg8 33. Qf3 Kg7 34. Qh5 Bb6 35. Ra3 Rcd8 36. Qh4 Rd6 37. Rh3 Kf8 38. Qh6+ Ke7 39. Qxh7 Rg4 40. Bf3 Rf4 41. Qg7 Qxa4 42. Rh8 Rd8 43. Rh6 Rd6 44. Rh8 1/2-1/2